Clubs de La Liga (2021-2022) - Statistiques

Statistiques générales
  • Ce quiz a été pris 1 003 fois
  • Le résultat moyen est 13 sur 20
Statistiques - réponses
% Correct
La Liga Real Madrid
100%
La Liga FC Barcelone
99%
La Liga Atletico Madrid
94%
La Liga Séville FC
93%
La Liga Real Betis Balompie
85%
La Liga Atheltic Club
82%
La Liga Valence CF
79%
La Liga Villareal CF
75%
La Liga Real Sociedad
74%
La Liga Getafe CF
56%
La Liga Cadiz CF
55%
La Liga Espanyol Barcelone
52%
La Liga RCD Majorque
50%
La Liga Celta Vigo
49%
La Liga Levante UD
47%
La Liga CA Osasuna
46%
La Liga Rayo Vallecano
46%
La Liga Deportivo Alavès
42%
La Liga Grenade CF
42%
La Liga Elche CF
40%
Aucun quiz correspondant
Distribution des résultats
% des personnes avec chaque résultat
Percentile par nombre de réponses
Votre historique - résultats
Vous n’avez pas pris ce quiz